Statistics for Guys and Dolls - Luck be a Lady - Missing Lyrics

Click here to take the quiz!

General Stats

  • This quiz has been taken 4 times
  • The average score is 30 of 39

Answer Stats

Sky Masterson % Correct
They call you 'Lady {Luck}'
100%
Luck, be a lady {tonight}
100%
Eh-Luck, be a {lady} with me
100%
But there is room for {doubt}
100%
Luck, let a {gentleman} see
100%
Luck, if you've ever been a lady to {begin} with
100%
Luck, be a {lady} with me
100%
Luck, be a {lady}
100%
At times you have a very un-lady-like way of {runnin'} out
100%
It isn't {fair}, it isn't nice
75%
It isn't {fair}, and it's not nice
75%
Just how nice.. how nice a-a {dame} you can be
75%
Stick with me baby; I'm the {fella} you came in with
75%
Never get out of my {sight}
75%
And blow on some other guy's {dice}
75%
A lady doesn't wander all over the {room}
75%
I know the way you've {treated} other guys you've been with
75%
How nice a {dame} you can be
75%
You might forget your {manners}
75%
A lady doesn't leave her {escort}
50%
And so the best that I can do is {pray}
50%
You're on this {date} with me
50%
Let's keep this party {polite}
50%
The pickin's have been {lush}
50%
So let's keep the party {polite}
50%
And yet, before this evening is over, you might give me the {brush}
25%
Stick with me baby; I'm the {guy} you came in with
25%
You might refuse to {stay}
25%

Score Distribution

Percentile by Number Answered

Percent of People with Each Score

Your Score History

You have not taken this quiz